000 00990nam a2200253 4500
005 20220104164115.0
008 200701s2005 ck a|||br|||| 00| 0dspa d
040 _aCO-JMCR
_cCO-JMCR
041 0 _aspa
082 0 4 _aC /
_bRESt
_223
100 1 _aRestrepo Gómez, Alonso,
_dautor
_96389
245 _aTiburón ballena :
_bEl pez más grande del mundo /
_cAlonso Restrepo Gómez
250 _aPrimera edición
260 _aBogotá :
_bPanamericana,
_c2005
300 _a41 páginas :
_bilustraciones a color ;
_c28 cm.
440 0 _aColección : Osito de anteojos
_96390
500 _aDatos biográficos del autor en páginas [41].
520 0 _aShava avanzaba muy preocupada, varios tiburones ballena, ademas de los que ella había visto morir, habían faltado a la cita.
521 1 _aCuento infantil.
650 1 4 _zColombia
_96391
650 2 4 _96392
650 2 4 _96393
999 _c6735
_d6735